00485nam a2200169 a 4500008004100000020001800041050001700059100001900076245008500095260003300180300001500213350000900228650001500237650002200252650002300274700001800297110328s1999 ||||||||||||||||| || u a9780465056743 aBD 418.3 Lak aLakoff, George10aPhilosophy in the flesh: the embodied mind and it's challenge to western thought aNew York:bBasic Booksc1999 axiv, 624p. a0.00 aPHILOSOPHY 0aCOGNITIVE SCIENCE aPHILOSOPHY OF MIND aJohnson, Mark